[Event "Stay Safe Play From Home 284"]
[Site "Emanuel Lasker Arena"]
[Date "2020.07.07"]
[Round "3"]
[White "Fischer_11"]
[Black "Broken sword"]
[Result "0-1"]
[WhiteElo "2053"]
[BlackElo "2485"]
[Annotator "NA"]
[PlyCount "78"]
[EventDate "2020.07.07"]
[EventType "swiss (blitz)"]

1. e4 {[%emt 0:00:04]} e6 {[%emt 0:00:00]} 2. d4 {[%emt 0:00:01]} c5 {[%emt 0:00:00]} 3. c3 {[%emt 0:00:01]} d5 {[%emt 0:00:01]} 4. exd5 {[%emt 0:00:01]} exd5 {[%emt 0:00:01]} 5. Be3 {[%emt 0:00:00]} cxd4 {[%emt 0:00:01]} 6. Bxd4 {[%emt 0:00:00]} Nc6 {[%emt 0:00:01]} 7. Bb5 {[%emt 0:00:03]} Bd7 {[%emt 0:00:01]} 8. Bxc6 {[%emt 0:00:00]} Bxc6 {[%emt 0:00:00]} 9. Nf3 {[%emt 0:00:00]} Nf6 {[%emt 0:00:00]} 10. O-O {[%emt 0:00:00]} Be7 {[%emt 0:00:00]} 11. Re1 {[%emt 0:00:00]} O-O {[%emt 0:00:01]} 12. Qe2 {[%emt 0:00:01]} Re8 {[%emt 0:00:01]} 13. Qf1 {[%emt 0:00:01]} Ne4 {[%emt 0:00:01]} 14. Nbd2 {[%emt 0:00:00]} Bd6 {[%emt 0:00:01]} 15. Nxe4 {[%emt 0:00:03]} dxe4 {[%emt 0:00:00]} 16. Nd2 {[%emt 0:00:02]} Qh4 {[%emt 0:00:01]} 17. g3 {[%emt 0:00:05]} Qg4 {[%emt 0:00:01]} 18. Be3 {[%emt 0:00:02]} h6 {[%emt 0:00:01]} 19. h3 {[%emt 0:00:01]} Qf5 {[%emt 0:00:00]} 20. Qg2 {[%emt 0:00:02]} Rad8 {[%emt 0:00:02]} 21. Rad1 {[%emt 0:00:02]} b6 {[%emt 0:00:01]} 22. Nc4 {[%emt 0:00:01]} Bb8 {[%emt 0:00:01]} 23. Bd4 {[%emt 0:00:06]} Ba8 {[%emt 0:00:04]} 24. Ne3 {[%emt 0:00:01]} Qg6 {[%emt 0:00:00]} 25. c4 {[%emt 0:00:03]} Bd6 {[%emt 0:00:02]} 26. Bc3 {[%emt 0:00:01]} Bc5 {[%emt 0:00:01]} 27. Rxd8 {[%emt 0:00:03]} Rxd8 {[%emt 0:00:00]} 28. Rd1 {[%emt 0:00:01]} Re8 {[%emt 0:00:00]} 29. Rd7 {[%emt 0:00:03]} Bxe3 {[%emt 0:00:03]} 30. fxe3 {[%emt 0:00:01]} Qe6 {[%emt 0:00:01]} 31. Rxa7 {[%emt 0:00:04]} Qxc4 {[%emt 0:00:01]} 32. Qc2 {[%emt 0:00:03]} Qe6 {[%emt 0:00:03]} 33. Qb3 {[%emt 0:00:01]} Bd5 {[%emt 0:00:04]} 34. Qc2 {[%emt 0:00:03]} Qxh3 {[%emt 0:00:01]} 35. Qg2 {[%emt 0:00:00]} Qf5 {[%emt 0:00:01]} 36. Qf2 {[%emt 0:00:00]} Qg6 {[%emt 0:00:01]} 37. Kg2 {[%emt 0:00:00]} Be6 {[%emt 0:00:01]} 38. Qf4 {[%emt 0:00:00]} Bg4 {[%emt 0:00:01]} 39. Qxe4 {[%emt 0:00:01]} Qxe4+ {[%emt 0:00:01] Zeit (Lag: Av=0.23s, max=0.4s)} 0-1

[Event "Stay Safe Play From Home 284"]
[Site "Emanuel Lasker Arena"]
[Date "2020.07.07"]
[Round "3"]
[White "Bardellosport"]
[Black "Haxhi Baha"]
[Result "0-1"]
[WhiteElo "1969"]
[BlackElo "2013"]
[PlyCount "72"]
[EventDate "2020.07.07"]
[EventType "swiss (blitz)"]

1. e4 {[%emt 0:00:01]} e6 {[%emt 0:00:01]} 2. d3 {[%emt 0:00:00]} d5 {[%emt 0:00:00]} 3. Nd2 {[%emt 0:00:00]} dxe4 {[%emt 0:00:00]} 4. dxe4 {[%emt 0:00:00]} Nf6 {[%emt 0:00:01]} 5. Ngf3 {[%emt 0:00:00]} b6 {[%emt 0:00:01]} 6. Be2 {[%emt 0:00:00]} Bb7 {[%emt 0:00:01]} 7. c3 {[%emt 0:00:00]} Be7 {[%emt 0:00:01]} 8. Qc2 {[%emt 0:00:01]} O-O {[%emt 0:00:01]} 9. O-O {[%emt 0:00:01]} c5 {[%emt 0:00:01]} 10. e5 {[%emt 0:00:01]} Nfd7 {[%emt 0:00:01]} 11. Nc4 {[%emt 0:00:01]} h6 {[%emt 0:00:02]} 12. Bf4 {[%emt 0:00:04]} Nc6 {[%emt 0:00:02]} 13. Qe4 {[%emt 0:00:04]} Na5 {[%emt 0:00:02]} 14. Qe3 {[%emt 0:00:01]} Nxc4 {[%emt 0:00:03]} 15. Bxc4 {[%emt 0:00:00]} a6 {[%emt 0:00:01]} 16. Rad1 {[%emt 0:00:01]} Qc7 {[%emt 0:00:02]} 17. Bb3 {[%emt 0:00:02]} Rfd8 {[%emt 0:00:01]} 18. Bc2 {[%emt 0:00:01]} Nf8 {[%emt 0:00:03]} 19. g4 {[%emt 0:00:02]} Rxd1 {[%emt 0:00:01]} 20. Rxd1 {[%emt 0:00:02]} Qc6 {[%emt 0:00:01]} 21. Re1 {[%emt 0:00:07]} Qxf3 {[%emt 0:00:01]} 22. Qxf3 {[%emt 0:00:00]} Bxf3 {[%emt 0:00:00]} 23. Be4 {[%emt 0:00:01]} Bxe4 {[%emt 0:00:01]} 24. Rxe4 {[%emt 0:00:00]} g5 {[%emt 0:00:00]} 25. Be3 {[%emt 0:00:01]} Ng6 {[%emt 0:00:00]} 26. Ra4 {[%emt 0:00:02]} b5 {[%emt 0:00:02]} 27. Ra3 {[%emt 0:00:02]} c4 {[%emt 0:00:02]} 28. Ra5 {[%emt 0:00:01]} Bd8 {[%emt 0:00:02]} 29. Ra3 {[%emt 0:00:02]} Be7 {[%emt 0:00:01]} 30. Ra5 {[%emt 0:00:01]} Nxe5 {[%emt 0:00:01]} 31. Bd4 {[%emt 0:00:01]} Nc6 {[%emt 0:00:01]} 32. Ra3 {[%emt 0:00:03]} Bxa3 {[%emt 0:00:01]} 33. bxa3 {[%emt 0:00:00]} Nxd4 {[%emt 0:00:00]} 34. cxd4 {[%emt 0:00:00]} c3 {[%emt 0:00:00]} 35. Kf1 {[%emt 0:00:00]} c2 {[%emt 0:00:00]} 36. Kg1 {[%emt 0:00:00] Bardellosport abbandona (Lag: Av=0.72s, max=1.1s)} c1=Q+ {[%emt 0:00:00]} 0-1

[Event "Stay Safe Play From Home 284"]
[Site "Emanuel Lasker Arena"]
[Date "2020.07.07"]
[Round "3"]
[White "Cirovicz"]
[Black "Klasman"]
[Result "1-0"]
[WhiteElo "1916"]
[BlackElo "1419"]
[PlyCount "31"]
[EventDate "2020.07.07"]
[EventType "swiss (blitz)"]

1. e4 {[%emt 0:00:02]} f5 {[%emt 0:00:05]} 2. exf5 {[%emt 0:00:01]} Nf6 {[%emt 0:00:01]} 3. g4 {[%emt 0:00:02]} h6 {[%emt 0:00:02]} 4. f4 {[%emt 0:00:03]} Ne4 {[%emt 0:00:10]} 5. g5 {[%emt 0:00:02]} e6 {[%emt 0:00:04]} 6. Qh5+ {[%emt 0:00:04]} Ke7 {[%emt 0:00:06]} 7. d3 {[%emt 0:00:02]} hxg5 {[%emt 0:00:08]} 8. Qxh8 {[%emt 0:00:02]} Nf6 {[%emt 0:00:03]} 9. fxg5 {[%emt 0:00:02]} Nd5 {[%emt 0:00:05]} 10. f6+ {[%emt 0:00:02]} gxf6 {[%emt 0:00:02]} 11. gxf6+ {[%emt 0:00:01]} Kf7 {[%emt 0:00:03]} 12. Bh6 {[%emt 0:00:02]} Nxf6 {[%emt 0:00:08]} 13. Qxf8+ {[%emt 0:00:02]} Qxf8 {[%emt 0:00:01]} 14. Bxf8 {[%emt 0:00:01]} Kxf8 {[%emt 0:00:01]} 15. Nf3 {[%emt 0:00:00]} Nc6 {[%emt 0:00:01]} 16. Be2 {[%emt 0:00:01] Time} 1-0

[Event "Stay Safe Play From Home 284"]
[Site "Emanuel Lasker Arena"]
[Date "2020.07.07"]
[Round "3"]
[White "Trotsky"]
[Black "Ironmike"]
[Result "0-1"]
[WhiteElo "1639"]
[BlackElo "1966"]
[PlyCount "58"]
[EventDate "2020.07.07"]
[EventType "swiss (blitz)"]
[BlackTeam "SV Horst-Emscher I"]

{- Dönges, Dirk (1820)} 1. d4 {[%emt 0:00:01]} d5 {[%emt 0:00:01]} 2. e3 {[%emt 0:00:00]} c6 {[%emt 0:00:00]} 3. c4 {[%emt 0:00:01]} Nf6 {[%emt 0:00:01]} 4. Nc3 {[%emt 0:00:01]} e6 {[%emt 0:00:01]} 5. Qc2 {[%emt 0:00:01]} dxc4 {[%emt 0:00:01]} 6. Bxc4 {[%emt 0:00:01]} Bb4 {[%emt 0:00:01]} 7. Nf3 {[%emt 0:00:01]} Bxc3+ {[%emt 0:00:01]} 8. bxc3 {[%emt 0:00:01]} Kf8 {[%emt 0:00:00]} 9. Bd2 {[%emt 0:00:01]} Nbd7 {[%emt 0:00:01]} 10. Bd3 {[%emt 0:00:01]} h6 {[%emt 0:00:01]} 11. h4 {[%emt 0:00:02]} b6 {[%emt 0:00:00]} 12. O-O-O {[%emt 0:00:02]} Bb7 {[%emt 0:00:00]} 13. e4 {[%emt 0:00:03]} Qe7 {[%emt 0:00:00]} 14. e5 {[%emt 0:00:01]} Nd5 {[%emt 0:00:02]} 15. Kb1 {[%emt 0:00:01]} a5 {[%emt 0:00:02]} 16. Ng5 {[%emt 0:00:01]} hxg5 {[%emt 0:00:02]} 17. hxg5 {[%emt 0:00:01]} Rxh1 {[%emt 0:00:01]} 18. Rxh1 {[%emt 0:00:01]} Ke8 {[%emt 0:00:01]} 19. Rh8+ {[%emt 0:00:01]} Nf8 {[%emt 0:00:00]} 20. g6 {[%emt 0:00:08]} fxg6 {[%emt 0:00:01]} 21. Bxg6+ {[%emt 0:00:02]} Kd7 {[%emt 0:00:01]} 22. g3 {[%emt 0:00:02]} Nxg6 {[%emt 0:00:02]} 23. Qxg6 {[%emt 0:00:02]} Rxh8 {[%emt 0:00:00]} 24. Bg5 {[%emt 0:00:05]} Qe8 {[%emt 0:00:05]} 25. Qxg7+ {[%emt 0:00:01]} Kc8 {[%emt 0:00:00]} 26. f4 {[%emt 0:00:04]} c5 {[%emt 0:00:01]} 27. f5 {[%emt 0:00:01]} Qb5+ {[%emt 0:00:01]} 28. Kc2 {[%emt 0:00:02]} Rh2+ {[%emt 0:00:01]} 29. Kd1 {[%emt 0:00:04]} Qf1# {[%emt 0:00:01] (Lag: Av=0.34s, max=0.5s)} 0-1

[Event "Stay Safe Play From Home 284"]
[Site "Emanuel Lasker Arena"]
[Date "2020.07.07"]
[Round "3"]
[White "Aadi3110theking"]
[Black "Robk"]
[Result "1-0"]
[WhiteElo "1437"]
[BlackElo "1504"]
[Annotator "NA"]
[PlyCount "73"]
[EventDate "2020.07.07"]
[EventType "swiss (blitz)"]

1. Nf3 {[%emt 0:00:02]} c5 {[%emt 0:00:01]} 2. c4 {[%emt 0:00:00]} e6 {[%emt 0:00:00]} 3. g3 {[%emt 0:00:01]} d5 {[%emt 0:00:00]} 4. b3 {[%emt 0:00:00]} dxc4 {[%emt 0:00:02]} 5. e3 {[%emt 0:00:00]} Nf6 {[%emt 0:00:00]} 6. bxc4 {[%emt 0:00:03]} Be7 {[%emt 0:00:02]} 7. Qe2 {[%emt 0:00:03]} O-O {[%emt 0:00:00]} 8. Bg2 {[%emt 0:00:02]} Nc6 {[%emt 0:00:01]} 9. O-O {[%emt 0:00:02]} Bd7 {[%emt 0:00:00]} 10. Nc3 {[%emt 0:00:01]} a6 {[%emt 0:00:02]} 11. Rd1 {[%emt 0:00:01]} Qc8 {[%emt 0:00:01]} 12. d4 {[%emt 0:00:00]} cxd4 {[%emt 0:00:02]} 13. exd4 {[%emt 0:00:00]} Rb8 {[%emt 0:00:04]} 14. d5 {[%emt 0:00:02]} exd5 {[%emt 0:00:04]} 15. cxd5 {[%emt 0:00:00]} Na7 {[%emt 0:00:04]} 16. Qxe7 {[%emt 0:00:02]} Re8 {[%emt 0:00:03]} 17. Qa3 {[%emt 0:00:03]} Nb5 {[%emt 0:00:01]} 18. Nxb5 {[%emt 0:00:02]} Bxb5 {[%emt 0:00:00]} 19. Bf4 {[%emt 0:00:01]} Ra8 {[%emt 0:00:02]} 20. Rac1 {[%emt 0:00:00]} Qd8 {[%emt 0:00:03]} 21. d6 {[%emt 0:00:01]} Bd7 {[%emt 0:00:04]} 22. Nd4 {[%emt 0:00:01]} Nh5 {[%emt 0:00:03]} 23. Be3 {[%emt 0:00:04]} Rb8 {[%emt 0:00:03]} 24. Nb3 {[%emt 0:00:02]} Bc6 {[%emt 0:00:03]} 25. Nc5 {[%emt 0:00:06]} Nf6 {[%emt 0:00:03]} 26. Bxc6 {[%emt 0:00:05]} Nd7 {[%emt 0:00:00]} 27. Bxd7 {[%emt 0:00:02]} b6 {[%emt 0:00:01]} 28. Bxe8 {[%emt 0:00:03]} Qd7 {[%emt 0:00:00]} 29. Bxd7 {[%emt 0:00:01]} Rd8 {[%emt 0:00:01]} 30. Nb7 {[%emt 0:00:00]} h6 {[%emt 0:00:00]} 31. Rc8 {[%emt 0:00:01]} Kh7 {[%emt 0:00:00]} 32. Rxd8 {[%emt 0:00:01]} g6 {[%emt 0:00:01]} 33. Qd3 {[%emt 0:00:00]} Kg7 {[%emt 0:00:00]} 34. Bd4+ {[%emt 0:00:02]} Kh7 {[%emt 0:00:01]} 35. Qf3 {[%emt 0:00:00]} h5 {[%emt 0:00:00]} 36. Qf6 {[%emt 0:00:01]} Kh6 {[%emt 0:00:00]} 37. Rh8# {[%emt 0:00:01] (Lag: Av=1.35s, max=2.2s)} 1-0

[Event "Stay Safe Play From Home 284"]
[Site "Emanuel Lasker Arena"]
[Date "2020.07.07"]
[Round "4"]
[White "Jhhonnyy"]
[Black "Broken sword"]
[Result "0-1"]
[WhiteElo "2324"]
[BlackElo "2487"]
[Annotator "TA"]
[PlyCount "134"]
[EventDate "2020.07.07"]
[EventType "swiss (blitz)"]

{[%evp 9,134,10,30,42,48,18,19,7,72,0,10,9,21,-8,20,0,-3,0,23,22,26,22,27,27,28,20,24,15,12,14,25,21,32,17,20,16,35,33,66,0,78,0,0,1,48,0,112,-103,-104,-104,-2,-1,-5,-8,120,-11,-12,-25,-15,-6,-11,-6,-13,-21,-38,-19,0,-12,2,0,0,0,0,0,1,0,1,1,1,0,1,1,2,0,21,0,0,0,0,0,0,-15,-15,-15,0,-14,-7,-215,-215,-210,-210,-210,-204,-209,-202,-202,-172,-299,-117,-209,-103,-93,-71,-1031,-570,-5569,-5350,-29985,-29986,-29986,-29987,-29987,-29987,-29987,-29981,-29980,0]} 1. d4 d5 2. c4 c6 3. Nf3 Nf6 4. Nbd2 Bg4 5. Ne5 Be6 6. e3 {D11: Slav Defence: 3 Nf3 sidelines and 3...Nf6 4 e3 Bg4.} Nbd7 {[#]} 7. Nxd7 $146 (7. Be2 {is interesting.} g6 8. O-O Bg7 9. Nef3 Bf5 10. Nh4) ({Predecessor:} 7. Nef3 Bg4 8. Be2 e6 9. b3 Bb4 10. a3 Bc3 11. Ra2 Ne4 12. O-O Bxd2 13. Bxd2 Nxd2 14. Qxd2 {1-0 (60) Chitlange,S (2205)-Jishitha,D (1884) Rajahmundry 2016}) 7... Qxd7 8. Be2 {The position is equal.} Bf5 (8... Bg4 $11) 9. O-O ({White should try} 9. cxd5 $16 Qxd5 10. O-O) 9... e6 $1 $11 10. Nf3 Be7 11. Bd3 Bg4 12. Be2 Bxf3 13. Bxf3 O-O 14. Qc2 Rfd8 15. b3 Rac8 16. Bb2 Bd6 17. Rad1 Qe7 18. Rfe1 Ba3 19. Ba1 Bb4 20. Rf1 a6 21. h3 h6 22. Be2 Rd7 23. Bd3 Rcd8 24. f4 (24. c5 $14) 24... Ba3 (24... c5 $11) 25. Rfe1 (25. c5 $16 {Hoping for Qc3.} Bb4 26. Bb2) 25... Bb4 26. Re2 Qe8 27. Rf1 Qe7 {[#]} (27... c5 $11) 28. e4 $2 (28. c5 $1 $16) 28... dxe4 $17 ({Much worse is} 28... Nxe4 $6 29. Bxe4 dxe4 30. Qxe4 $11) 29. Bxe4 Nxe4 (29... Rxd4 $17 {Threatens to win with ...Rd2.} 30. Bxd4 Rxd4) 30. Qxe4 $11 Qf8 31. f5 Re7 (31... exf5 $11 {remains equal.} 32. Rxf5 (32. Qxf5 Re7 $11) 32... Bd6) 32. Qg4 ({White should play} 32. f6 $16 gxf6 33. Rxf6) 32... exf5 33. Rxf5 Rxe2 34. Qxe2 Qe8 35. Re5 Qd7 36. Qe3 Bd6 37. Re4 Bf8 (37... f5 $5 38. Re6 $8 Kf7 $11) 38. Bc3 Qf5 39. Qf4 (39. Be1 {is more complex.} Qd7 40. Bh4 f5 41. Bxd8 fxe4 42. Bh4) 39... Qxf4 40. Rxf4 {[%mdl 4096] Endgame KRB-KRB} Bd6 41. Re4 Kf8 42. Re2 Re8 43. Rxe8+ Kxe8 {KB-KB} 44. Kf2 g6 45. Kf3 h5 46. Ke4 Kd7 47. Bd2 f5+ 48. Kf3 Ke6 49. Bf4 {[#] aiming for Bxd6.} Be7 50. g3 Bf6 51. Be3 b5 52. Ke2 g5 53. h4 $2 (53. a4 $11 {and White stays safe.}) 53... gxh4 $19 54. gxh4 Bxh4 55. Kf3 Bf6 56. Kf4 Be7 57. Kf3 Bd6 58. Kg2 (58. Bf2 {was called for.}) 58... h4 $2 (58... f4 $19 59. Bf2 bxc4 60. bxc4 Kf5) 59. Kh3 (59. Bf2 $17) 59... Be7 (59... Bg3 $19 60. Bd2 Bf2) 60. Bf2 Bf6 (60... f4 {keeps more tension.} 61. Kg4 h3 62. Kxh3 Kf5 63. cxb5 cxb5 64. d5 Ke4) 61. d5+ $2 {[%mdl 8192]} (61. a4 $17) 61... cxd5 62. cxd5+ Kxd5 63. Bxh4 Bxh4 {Black mates.} 64. Kxh4 {K3P-KPP} Ke4 65. Kg3 Ke3 66. Kg2 Ke2 67. Kg3 Ke3 $2 {[%mdl 32768] Accuracy: White = 59%, Black = 71%. . Sensor Board Error (Ke4/e5)?} (67... b4 {mates} 68. Kf4 Kd3 69. Kxf5 Kc3 70. Ke4 Kb2 71. a4 bxa3 72. b4 Kc3 73. Ke5 a2 74. Kf6 a1=Q 75. Ke5 Kxb4+ 76. Kf5 Qd4 77. Kg5 Kc5 78. Kf5 Kd6 79. Kg6 Ke6 80. Kg5 Qe4 81. Kh6 Qg4 82. Kh7 Kf7 83. Kh8 Qh5#) 0-1

[Event "Stay Safe Play From Home 284"]
[Site "Emanuel Lasker Arena"]
[Date "2020.07.07"]
[Round "4"]
[White "Lazieri3"]
[Black "Fischer_11"]
[Result "1-0"]
[WhiteElo "2108"]
[BlackElo "2051"]
[Annotator "NA"]
[PlyCount "89"]
[EventDate "2020.07.07"]
[EventType "swiss (blitz)"]

1. e4 {[%emt 0:00:02]} Nf6 {[%emt 0:00:01]} 2. Nc3 {[%emt 0:00:00]} d5 {[%emt 0:00:01]} 3. exd5 {[%emt 0:00:00]} Nxd5 {[%emt 0:00:00]} 4. Nxd5 {[%emt 0:00:00]} Qxd5 {[%emt 0:00:01]} 5. Qf3 {[%emt 0:00:00]} Qc5 {[%emt 0:00:02]} 6. Qc3 {[%emt 0:00:04]} e5 {[%emt 0:00:02]} 7. Qxc5 {[%emt 0:00:01]} Bxc5 {[%emt 0:00:00]} 8. Bc4 {[%emt 0:00:01]} Nc6 {[%emt 0:00:01]} 9. d3 {[%emt 0:00:01]} a6 {[%emt 0:00:01]} 10. Be3 {[%emt 0:00:02]} Bxe3 {[%emt 0:00:02]} 11. fxe3 {[%emt 0:00:00]} b5 {[%emt 0:00:00]} 12. Bb3 {[%emt 0:00:01]} Bb7 {[%emt 0:00:00]} 13. a3 {[%emt 0:00:01]} f5 {[%emt 0:00:01]} 14. Ne2 {[%emt 0:00:02]} O-O-O {[%emt 0:00:00]} 15. O-O {[%emt 0:00:01]} g6 {[%emt 0:00:01]} 16. Ng3 {[%emt 0:00:01]} Rhe8 {[%emt 0:00:02]} 17. Rae1 {[%emt 0:00:02]} Ne7 {[%emt 0:00:02]} 18. e4 {[%emt 0:00:03]} f4 {[%emt 0:00:01]} 19. Ne2 {[%emt 0:00:01]} Nc6 {[%emt 0:00:03]} 20. Bd5 {[%emt 0:00:01]} g5 {[%emt 0:00:02]} 21. h3 {[%emt 0:00:01]} h5 {[%emt 0:00:01]} 22. Kf2 {[%emt 0:00:01]} g4 {[%emt 0:00:01]} 23. hxg4 {[%emt 0:00:01]} hxg4 {[%emt 0:00:00]} 24. Rh1 {[%emt 0:00:01]} Rh8 {[%emt 0:00:01]} 25. Reg1 {[%emt 0:00:02]} Kd7 {[%emt 0:00:03]} 26. Bxc6+ {[%emt 0:00:02]} Bxc6 {[%emt 0:00:02]} 27. Nc3 {[%emt 0:00:02]} Ke6 {[%emt 0:00:01]} 28. Ke2 {[%emt 0:00:02]} a5 {[%emt 0:00:01]} 29. Kf2 {[%emt 0:00:02]} b4 {[%emt 0:00:01]} 30. axb4 {[%emt 0:00:00]} axb4 {[%emt 0:00:00]} 31. Ne2 {[%emt 0:00:01]} Bb5 {[%emt 0:00:01]} 32. Ra1 {[%emt 0:00:03]} c5 {[%emt 0:00:01]} 33. b3 {[%emt 0:00:01]} Kf6 {[%emt 0:00:06]} 34. Rxh8 {[%emt 0:00:01]} Rxh8 {[%emt 0:00:02]} 35. Ra5 {[%emt 0:00:00]} Rb8 {[%emt 0:00:02]} 36. Ra7 {[%emt 0:00:01]} Kg5 {[%emt 0:00:01]} 37. Rf7 {[%emt 0:00:02]} Kg6 {[%emt 0:00:04]} 38. Rf5 {[%emt 0:00:01]} Rh8 {[%emt 0:00:00]} 39. Rxe5 {[%emt 0:00:01]} Rh2 {[%emt 0:00:01]} 40. Kg1 {[%emt 0:00:03]} f3 {[%emt 0:00:00]} 41. Nf4+ {[%emt 0:00:02]} Kf6 {[%emt 0:00:01]} 42. Rf5+ {[%emt 0:00:00]} Ke7 {[%emt 0:00:02]} 43. gxf3 {[%emt 0:00:00]} Rxc2 {[%emt 0:00:02]} 44. Nd5+ {[%emt 0:00:01]} Ke6 {[%emt 0:00:01]} 45. Rf6+ {[%emt 0:00:01] Zeit (Lag: Av=0.56s, max=0.7s)} 1-0

[Event "Stay Safe Play From Home 284"]
[Site "Emanuel Lasker Arena"]
[Date "2020.07.07"]
[Round "4"]
[White "Haxhi Baha"]
[Black "Aadi3110theking"]
[Result "1-0"]
[WhiteElo "2028"]
[BlackElo "1506"]
[Annotator "NA"]
[PlyCount "119"]
[EventDate "2020.07.07"]
[EventType "swiss (blitz)"]

1. e4 {[%emt 0:00:01]} c5 {[%emt 0:00:01]} 2. Nf3 {[%emt 0:00:01]} Nc6 {[%emt 0:00:00]} 3. d4 {[%emt 0:00:00]} cxd4 {[%emt 0:00:00]} 4. Nxd4 {[%emt 0:00:00]} g6 {[%emt 0:00:00]} 5. Nc3 {[%emt 0:00:01]} Bg7 {[%emt 0:00:01]} 6. Be3 {[%emt 0:00:00]} Nf6 {[%emt 0:00:00]} 7. Be2 {[%emt 0:00:01]} O-O {[%emt 0:00:00]} 8. Nb3 {[%emt 0:00:01]} d6 {[%emt 0:00:06]} 9. g4 {[%emt 0:00:01]} Be6 {[%emt 0:00:02]} 10. g5 {[%emt 0:00:01]} Nd7 {[%emt 0:00:03]} 11. h4 {[%emt 0:00:00]} Nde5 {[%emt 0:00:02]} 12. f4 {[%emt 0:00:03]} Nc4 {[%emt 0:00:02]} 13. Bxc4 {[%emt 0:00:01]} Bxc4 {[%emt 0:00:00]} 14. h5 {[%emt 0:00:00]} Bxb3 {[%emt 0:00:04]} 15. axb3 {[%emt 0:00:00]} e5 {[%emt 0:00:08]} 16. f5 {[%emt 0:00:01]} Nd4 {[%emt 0:00:04]} 17. hxg6 {[%emt 0:00:07]} fxg6 {[%emt 0:00:00]} 18. f6 {[%emt 0:00:00]} Bh8 {[%emt 0:00:01]} 19. Bxd4 {[%emt 0:00:04]} exd4 {[%emt 0:00:02]} 20. Nd5 {[%emt 0:00:01]} Qd7 {[%emt 0:00:00]} 21. Qf3 {[%emt 0:00:01]} Rae8 {[%emt 0:00:02]} 22. O-O-O {[%emt 0:00:01]} Qc6 {[%emt 0:00:02]} 23. Rxd4 {[%emt 0:00:01]} Rf7 {[%emt 0:00:01]} 24. Ne7+ {[%emt 0:00:03]} Rexe7 {[%emt 0:00:02]} 25. fxe7 {[%emt 0:00:00]} Rxf3 {[%emt 0:00:01]} 26. Rxd6 {[%emt 0:00:04]} Qe8 {[%emt 0:00:01]} 27. Rd8 {[%emt 0:00:01]} Kf7 {[%emt 0:00:01]} 28. Rxe8 {[%emt 0:00:01]} Kxe8 {[%emt 0:00:00]} 29. Rxh7 {[%emt 0:00:01]} Be5 {[%emt 0:00:02]} 30. b4 {[%emt 0:00:05]} Bf4+ {[%emt 0:00:01]} 31. Kb1 {[%emt 0:00:01]} Bxg5 {[%emt 0:00:00]} 32. Rg7 {[%emt 0:00:01]} Bxe7 {[%emt 0:00:00]} 33. Rxg6 {[%emt 0:00:01]} Rf6 {[%emt 0:00:00]} 34. Rg8+ {[%emt 0:00:02]} Kd7 {[%emt 0:00:02]} 35. Rg4 {[%emt 0:00:00]} a6 {[%emt 0:00:00]} 36. c3 {[%emt 0:00:01]} Rb6 {[%emt 0:00:01]} 37. Ka2 {[%emt 0:00:00]} Rc6 {[%emt 0:00:00]} 38. Kb3 {[%emt 0:00:01]} b5 {[%emt 0:00:00]} 39. Rg5 {[%emt 0:00:02]} Re6 {[%emt 0:00:00]} 40. Rg8 {[%emt 0:00:02]} Kd6 {[%emt 0:00:00]} 41. Ra8 {[%emt 0:00:00]} Kd7 {[%emt 0:00:00]} 42. Ra7+ {[%emt 0:00:01]} Kd8 {[%emt 0:00:01]} 43. e5 {[%emt 0:00:00]} Rxe5 {[%emt 0:00:01]} 44. Rxa6 {[%emt 0:00:01]} Re6 {[%emt 0:00:00]} 45. Rxe6 {[%emt 0:00:01]} Bd6 {[%emt 0:00:00]} 46. Rxd6+ {[%emt 0:00:01]} Kc8 {[%emt 0:00:00]} 47. Ra6 {[%emt 0:00:00]} Kc7 {[%emt 0:00:00]} 48. Ra5 {[%emt 0:00:00]} Kd7 {[%emt 0:00:01]} 49. Rxb5 {[%emt 0:00:00]} Ke7 {[%emt 0:00:00]} 50. c4 {[%emt 0:00:00]} Ke8 {[%emt 0:00:00]} 51. Rd5 {[%emt 0:00:00]} Ke7 {[%emt 0:00:00]} 52. b5 {[%emt 0:00:00]} Ke8 {[%emt 0:00:00]} 53. b6 {[%emt 0:00:00]} Ke7 {[%emt 0:00:00]} 54. b7 {[%emt 0:00:00]} Ke8 {[%emt 0:00:00]} 55. b8=Q+ {[%emt 0:00:00]} Ke7 {[%emt 0:00:00]} 56. Qd8+ {[%emt 0:00:00]} Kf7 {[%emt 0:00:01]} 57. Rf5+ {[%emt 0:00:01]} Kg7 {[%emt 0:00:00]} 58. Qg5+ {[%emt 0:00:00]} Kh7 {[%emt 0:00:00]} 59. Rf6 {[%emt 0:00:01]} Kh8 {[%emt 0:00:00]} 60. Rh6# {[%emt 0:00:00] (Lag: Av=1.42s, max=4.0s)} 1-0

[Event "Stay Safe Play From Home 284"]
[Site "Emanuel Lasker Arena"]
[Date "2020.07.07"]
[Round "4"]
[White "Sfantul321"]
[Black "Mandy"]
[Result "1-0"]
[WhiteElo "2024"]
[BlackElo "921"]
[Annotator "NA"]
[PlyCount "41"]
[EventDate "2020.07.07"]
[EventType "swiss (blitz)"]

1. d4 {[%emt 0:00:04]} d5 {[%emt 0:00:02]} 2. c4 {[%emt 0:00:00]} c6 {[%emt 0:00:01]} 3. Nc3 {[%emt 0:00:01]} Bf5 {[%emt 0:00:01]} 4. c5 {[%emt 0:00:01]} Nf6 {[%emt 0:00:01]} 5. Bg5 {[%emt 0:00:01]} g6 {[%emt 0:00:02]} 6. Bxf6 {[%emt 0:00:02]} exf6 {[%emt 0:00:03]} 7. e3 {[%emt 0:00:00]} Nd7 {[%emt 0:00:06]} 8. Nf3 {[%emt 0:00:00]} b5 {[%emt 0:00:03]} 9. cxb6 {[%emt 0:00:01]} Nxb6 {[%emt 0:00:03]} 10. Rc1 {[%emt 0:00:00]} Bb4 {[%emt 0:00:07]} 11. Bd3 {[%emt 0:00:01]} Bxd3 {[%emt 0:00:03]} 12. Qxd3 {[%emt 0:00:01]} O-O {[%emt 0:00:03]} 13. O-O {[%emt 0:00:01]} f5 {[%emt 0:00:02]} 14. Ne2 {[%emt 0:00:01]} Re8 {[%emt 0:00:03]} 15. Rxc6 {[%emt 0:00:02]} Qd7 {[%emt 0:00:05]} 16. Rcc1 {[%emt 0:00:06]} Rac8 {[%emt 0:00:02]} 17. Ne5 {[%emt 0:00:01]} Qe6 {[%emt 0:00:03]} 18. Nf4 {[%emt 0:00:02]} g5 {[%emt 0:00:03]} 19. Nxe6 {[%emt 0:00:01]} Rxe6 {[%emt 0:00:04]} 20. Rxc8+ {[%emt 0:00:02]} Kg7 {[%emt 0:00:02]} 21. Rc7 {[%emt 0:00:04] Zeit} 1-0